Statistiques concernant Culture Générale - Série 554

Cliquez ici pour prendre le quiz!

Statistiques générales

  • Ce quiz a été pris 157 fois
  • Le résultat moyen est 8 sur 10

Statistiques - réponses

QuestionRéponse% Correct
En plongée sous-marine, quel doigt lève-t-on lorsqu'on veut remonter à la surface ?pouce
97%
En pharmacie et en teinturerie, quelle couleur est parfois dite "de méthylène" ?Le bleu
95%
A partir de quel poisson proche de l'églefin prépare-t-on traditionnellement une brandade ?morue
92%
Quel était l'instrument de prédilection du musicien Artur Rubinstein ?piano
88%
En France, en quelle année les salariés ont-ils obtenu leurs premiers congés payés ?1936
85%
Quel lien de parenté unit les comédiennes Rosanna et Patricia Arquette ?soeurs
83%
Dans le langage populaire, quel nom de poisson désigne un proxénète ?maquereau
77%
De quel fruit le chasselas est-il une variété ?raisin
75%
Quel oiseau "de mes amours" donne son titre à une chanson extraite de l'opérette "Le Chanteur de Mexico" en 1951 ?rossignol
49%
Quel révolutionnaire a laissé son nom à un pont parisien enjambant la Seine ?Mirabeau
47%

Distribution des résultats

Percentile par nombre de réponses

% des personnes avec chaque résultat

Votre développement - résultats

Vous n’avez pas pris ce quiz